Sports Quiz

Random Sports or Basketball Quiz

2016 March Madness Minefield Quiz Stats

 Plays Quiz Updated Mar 17, 2016

Score 0/31 Timer 05:00
5 Plays Today
% Correct
???
80.9%
???
75.2%
???
64.5%
???
59.4%
???
56.8%
???
52.7%
???
52.5%
???
51.2%
???
50.1%
???
49.1%
???
47.5%
???
47.5%
???
46.8%
???
46.7%
???
46.3%
???
45.4%
% Correct
???
43.1%
???
39.1%
???
34.8%
???
34.5%
???
34.1%
???
32%
???
30.6%
???
29.9%
???
24.9%
???
24.4%
???
23.1%
???
20.2%
???
20.2%
???
19.9%
???
18.1%

You're not logged in!

Compare scores with friends on all Sporcle quizzes.
OR
Log In

Show Comments

Extras

Top Quizzes Today


Score Distribution

Your Account Isn't Verified!

In order to create a playlist on Sporcle, you need to verify the email address you used during registration. Go to your Sporcle Settings to finish the process.

Report this User

Report this user for behavior that violates our Community Guidelines.

Details: